| 000 | 00372nam a2200121Ia 4500 | ||
|---|---|---|---|
| 008 | 191111s9999 xx 000 0 und d | ||
| 020 | _a9789719810735 | ||
| 100 | _aEarnhart, Richard T. | ||
| 245 |
_cRichard T. Earnhart.-- _aMathematics in the modern world / |
||
| 260 |
_aQuezon City : _bC & E Publishing, Inc. _c2018 |
||
| 300 | _aviii, 352 pages. | ||
| 650 | _aMathematics | ||
| 999 |
_c362597 _d362597 |
||